Bacteriophage biochemistry

Guardat en:
Dades bibliogràfiques
Autor principal: Mathyews, Christopher K. (autor)
Format: Llibre
Idioma:anglès
Publicat: Nueva York Van Nostrand Reinhold Company 1971
Col·lecció:ACS Monograph
Matèries:
Etiquetes: Afegir etiqueta
Sense etiquetes, Sigues el primer a etiquetar aquest registre!

MARC

LEADER 00000nam a2200000 a 4500
001 UCR5318
003 CL-VaPUC
008 980327e19710000US |||||||||||||||||eng|d
082 0 4 |a 572  |b MAT  |2 21 
100 |a Mathyews, Christopher K.  |e autor  |9 406086 
245 1 0 |a Bacteriophage biochemistry 
300 |a 373 p 
942 |c BK 
945 |d 19980327 00:00:00  |a crobeson 
260 |a Nueva York  |b Van Nostrand Reinhold Company  |c 1971 
650 0 |a Virología  |9 327250 
650 7 |a BACTERIOFAGOS  |2 CL-VaPUC  |9 316376 
650 7 |a ENZIMOLOGIA  |2 CL-VaPUC  |9 263051 
650 0 |a Bioquímica   |9 259492 
650 7 |a FENOMENOS BIOQUIMICOS  |2 CL-VaPUC  |9 360969 
650 0 |a Análisis bioquímico  |9 363390 
650 0 |a Biología molecular  |9 269677 
583 |a last modification  |c 19980327 00:00:00  |k Rodrigo Vera 
490 0 |a ACS Monograph 
999 |c 267933  |d 267931 
952 |0 0  |1 0  |4 0  |6 572_000000000000000_MAT_1971  |7 0  |8 A  |9 300767  |a BIBALI  |b BIBALI  |c GEN  |d 2019-11-20  |i 197310K  |o 572 MAT 1971  |p 197310K  |r 2025-01-20  |w 2019-11-20  |y BK  |k ALI